| 000 | 00438nam a2200169Ia 4500 | ||
|---|---|---|---|
| 008 | 180921t2002 xxu||||| |||| 00| 0 eng d | ||
| 041 | _aeng | ||
| 080 |
_a59 _bKOT |
||
| 100 | _aDohzhansky, Theodosius | ||
| 245 | 4 | _aThe biology of ultimate concern | |
| 260 |
_bGodage _aColombo _c2002 |
||
| 300 | _a104p., 22 cm | ||
| 650 | _aEvolution | ||
| 700 |
_aKotalawala, A.B. _eed. |
||
| 999 |
_c12852 _d12852 |
||
| 003 | LK-CoDNM | ||
| 040 |
_aLK-CoDNM _dLK-CoDNM _eLK-CoDNM |
||